000 00307nam a2200133Ia 4500
008 260604s9999 xx 000 0 und d
020 _a9780143333128
082 _a823.91 BON
100 _aBOND
_935378
245 0 _aRANJIS WONDERFUL BAT AND OTHER STORIES
260 _bPUF
500 _aStory
942 _cBK
999 _c8198
_d8198